00297nam a2200121Ia 4500008004100000041000800041082001200049100001700061245002500078260004100103300002400144365000700168240624s9999 xx 000 0 und d aeng a920 KAK aKAKAR SUDHIR aMIRA AND THE MAHATMA c2006aNew DelhibPenguin Books India a267 : p. : cm. ; 19 cRS